000
00272nam a22000857a 4500
999
_c
507380
_d
507380
082
_a
L906x5414 G
245
_a
Report of the Comptroller and Auditor General of India:
_b
general and social sector
260
_a
Orissa
_b
Comptroller and Auditor General of India:
300
_a
142p.